Teorías y realidades en derecho internacional público

Guardado en:
Detalles Bibliográficos
Autor principal: Visscher, Charles de (Autor)
Formato: Libro
Lenguaje:español
Publicado: Barcelona Bosch 1962
Materias:
Etiquetas: Agregar Etiqueta
Sin Etiquetas, Sea el primero en etiquetar este registro!

MARC

LEADER 00000nam a2200000 a 4500
001 UCY1144
003 CL-VaPUC
008 940822e19620000SP |||||||||||||||||spa|d
082 0 4 |a 341  |b VIS  |2 21 
100 0 |a Visscher, Charles de  |e author  |9 329030 
245 1 0 |a Teorías y realidades en derecho internacional público 
300 |a 447 p 
942 |c BK 
945 |d 19940822 00:00:00  |a aalvarez 
260 |a Barcelona  |b Bosch  |c 1962 
650 7 |a DERECHO INTERNACIONAL PUBLICO  |2 CL-VaPUC  |9 329031 
583 |a last modification  |c 19940822 00:00:00  |k Rodrigo Vera 
999 |c 229932  |d 229930 
952 |0 0  |1 0  |4 0  |6 341_000000000000000_VIS_1962  |7 0  |8 A  |9 231671  |a BIBDER  |b BIBDER  |d 2019-11-15  |i 3012212  |o 341 VIS 1962  |p 3012212  |r 2023-01-25  |w 2019-11-15  |y BK  |k DER 
952 |0 0  |1 0  |4 0  |6 341_000000000000000_VIS_1962  |7 0  |8 A  |9 231672  |a BIBDER  |b BIBDER  |d 2019-11-15  |i 3012204  |l 2  |m 2  |o 341 VIS 1962  |p 3012204  |q 2025-12-31  |r 2020-03-18  |s 2020-03-18  |w 2019-11-15  |y BK  |k DER 
952 |0 0  |1 0  |4 0  |6 341_000000000000000_VIS_1962  |7 0  |8 A  |9 231673  |a BIBDER  |b BIBDER  |d 2019-11-15  |i 3012220  |o 341 VIS 1962  |p 3012220  |r 2023-01-25  |w 2019-11-15  |y BK  |k DER